01074cam a22002651 4500001001300000003000400013005001700017008004100034010001700075035002000092040004600112042001200158050001600170100003300186245019500219260004000414300002300454490004500477490004000522500007000562651003800632830004500670830007600715999001700791sd 61000014 DLC20260227112736.0920417r19611961dcu f000 0 eng c asd 61000014  a(OCoLC)25667841 aU.S. Dept. of State. LibrarycDSdDSdDLC apremarc00aJX1417b.B61 aBowles, Chester,d1901-1986.14aThe foundations of world partnership.b[Address made before the Consultation on Immigration Policy of the National Council of Churches of Christ in the U.S.A at Washington, D.C., on Apr. 13. aWashington]bDept. of Statec[1961] a12 p.c22 x 10 cm.1 a[U.S.] Dept. of State. Publicationv71961 aGeneral foreign policy series,v167 a"Reprinted from the Department of State bulletin of May 1, 1961." 0aUnited StatesxForeign relations. 0aDepartment of State publication ;v7196. 0aDepartment of State publication.pGeneral foreign policy series ;v167. c90083d90083